Квиз о Пољској - Statistics

General Stats
  • This quiz has been taken 247 times
  • The average score is 8 of 20
Answer Stats
Опис Одговор % Correct
Главни град Варшава
99%
Други највећи град / бивша престоница Краков
75%
Море северно од Пољске Балтичко море
74%
Прва жена која је добила Нобелову награду, истраживала радијацију Марија Склодовска Кири
68%
Бивши слободни град, Немци су га звали Данциг Гдањск
64%
Најбољи стрелац пољске фудбалске репрезентације Роберт Левандовски
63%
Креатор хелиоцентричног моделаСоларног система Никола Коперник
54%
Валута у Пољској Злот
51%
Најдужа река Висла
50%
Река на немачко/пољској граници Одра
47%
Виртуоз на клавиру, увео је елементе словенске музике у класичну музику Фредерик Шопен
30%
Режирао је филм "Пијаниста" Роман Полански
30%
Велики град у Горњој Шлеској Катовице
22%
Једини пољски папа Јован Павле II
21%
Синдикат који се опирао Совјетима Солидарност
15%
Лидер синдиката изнад, који је постао председник Пољске 1990-95 Лех Валеса
7%
Пољска пуњена тестенина Пироги
6%
Дивље говедо истребљено 1627. Тур
4%
Крофне које се једу током задњег четвртка пре великог поста Пацки
1%
Задњи краљ Пољске Станислав II Август
1%
No matching quizzes found
Score Distribution
Percent of People with Each Score
Percentile by Number Answered
Your Score History
You have not taken this quiz